Words Language of Origin #1 - Statistics

General Stats
  • This quiz has been taken 200 times
  • The average score is 11 of 14
Answer Stats
Words Language % Correct
bouquet, silhouette, entrepreneur French
98%
emoji, ramen, sayonara Japanese
97%
fest, hamster, kindergarten German
96%
armadillo, plaza, guerrilla Spanish
96%
wiki, ukelele, mana Hawaiian
78%
bandit, piano, ghetto Italian
76%
cheetah, shampoo, karma Hindi
74%
bagel, klutz, schmutz Yiddish
74%
alcohol, mummy, zero Arabic
71%
ketchup, tea, typhoon Minnan Chinese
68%
assassin, bazaar, chess Farsi
63%
fez, lackey, yogurt Turkish
62%
piranha, embarrass, potato Portuguese
60%
cooties, orangutan, gong Malay
51%
No matching quizzes found
Score Distribution
Percent of People with Each Score
Percentile by Number Answered
Your Score History
You have not taken this quiz